¿Cómo viviremos en el universo ? / (Registro nro. 11751)

Detalles MARC
000 -LIDER
fixed length control field 00749nam a22002537a 4500
001 - NÚMERO DE CONTROL
Identificador de número de control 0011707
003 - IDENTIFICACDOR DE NÚMERO DE CONTROL
control field DO-SdBNP
005 - DATE AND TIME OF LATEST TRANSACTION
control field 20180119131145.0
007 - CAMPOS FIJOS DE DESCRIPCIÓN FÍSICA
fixed length control field 0011707
008 - ELEMENTOS DE LONGITUD FIJA
fixed length control field 161101b 1991 sp||||| |||| 00| 0 spa d
020 ## - ISBN
International Standard Book Number 8434835002
040 ## - FUENTE DE CATALOGACIÓN
Agencia que crea de manera original el registro BPMSU
Idioma de catalogación spa
Agencia que realiza la transcripción BPMSU
100 1# - ASIENTO PRINCIPAL -- NOMBRE PERSONAL
Nombre personal Asimov, Isaac
245 1# - MENCIÓN DE TITULO
Título ¿Cómo viviremos en el universo ? /
Mención de responsabilidad Isaac Asimov ; traducción Fernando Bort
260 ## - PUBLICACIÓN, DISTRIBUCIÓN, ETC. (PIE DE IMPRENTA)
Lugar de publicación, distribución, etc Madrid :
Nombre del editor, distribuidor, etc. Ediciones S M,
Fecha de publicación, distribución, etc 1991.
300 ## - DESCRIPCIÓN FÍSICA
Extensión 32 p. :
Otros detalles físicos il.,
Dimensiones 27 cm.
490 1# - MENCIÓN DE SERIES
Mención de serie Biblioteca del universo
Volume/sequential designation 24
500 ## - NOTA GENERAL
Nota general Incluye índice alfabético
700 1# - ASIENTO SECUNDARIO -- NOMBRE PERSONAL
Nombre personal Bort, Fernando,
Mención de responsabilidad tr.
830 #0 - ASIENTO SECUNDARIO DE SERIE--TÍTULO UNIFORME
Título uniforme Biblioteca del universo
Número de la parte o sección de una obra 24
942 ## - ADDED ENTRY ELEMENTS (KOHA)
Source of classification or shelving scheme Dewey Decimal Classification
Koha item type Libros
945 ## - INFORMACIÓN DE PROCESAMIENTO LOCAL
Información de procesamiento local Inventariado, 2018/MFF
956 ## - LOCAL ELECTRONIC LOCATION AND ACCESS (OCLC)
Nombre de host BTAVÁREZ
Número de acceso 10
Información de compresión 20161101
Trayectoria 0011707
Existencias
Withdrawn status Lost status Source of classification or shelving scheme Damaged status Not for loan Collection code Home library Current library Date acquired Source of acquisition Total Checkouts Barcode Date last seen Price effective from Koha item type
    Dewey Decimal Classification     Colección General Biblioteca Pública Metropolitana Salomé Ureña Biblioteca Pública Metropolitana Salomé Ureña 11/01/2016 Cuesta centro del libro   BPMSU16110016 11/01/2016 11/01/2016 Libros